[Event "LTU-chT"]
[Site "Lithuania"]
[Date "2023.04.22"]
[Round "6.3"]
[White "Norkeliunas, Matas"]
[Black "Stremavicius, Pijus"]
[Result "0-1"]
[WhiteElo "1693"]
[BlackElo "2383"]
[PlyCount "74"]
[EventDate "2023.03.04"]
[EventType "team"]
[EventRounds "7"]
[EventCountry "LTU"]
[SourceTitle "EXT 2024"]
[Source "ChessBase"]
[SourceDate "2023.10.10"]
[SourceVersion "1"]
[SourceVersionDate "2023.10.10"]
[SourceQuality "1"]
[WhiteTeam "Marijampole Suduvos Jaunimas"]
[BlackTeam "Kaunas Security"]
[WhiteTeamCountry "LTU"]
[BlackTeamCountry "LTU"]

1. e4 c6 2. Nf3 d5 3. Nc3 Nf6 4. e5 Ne4 5. d4 Nxc3 6. bxc3 Bg4 7. Be2 e6 8. 0-0 c5 9. h3 Bh5 10. dxc5 Bxc5 11. Nd4 Bxe2 12. Qxe2 0-0 13. Qg4 Kh8 14. Be3 Nd7 15. Qg3 Rc8 16. Rab1 Bxd4 17. Bxd4 b6 18. f4 Nc5 19. f5 Ne4 20. Qe3 Qc7 21. Rf3 exf5 22. Rxf5 Kg8 23. Rbf1 Rce8 24. R1f4 Re6 25. Rh5 Rg6 26. Rfh4 h6 27. Rf5 Qc4 28. a3 Qa2 29. Qc1 Rc8 30. Rf3 Rgc6 31. Rg4 Re6 32. Qf1 Rc7 33. Qb5 Qc4 34. Qb2 Qe2 35. Qc1 h5 36. Rh4 Rg6 37. Bf2 Qxf3 0-1

[Event "LTU-chT"]
[Site "Lithuania"]
[Date "2023.03.04"]
[Round "1.1"]
[White "Bobras, Piotr"]
[Black "Norkeliunas, Matas"]
[Result "1/2-1/2"]
[WhiteElo "2490"]
[BlackElo "1693"]
[PlyCount "72"]
[EventDate "2023.03.04"]
[EventType "team"]
[EventRounds "7"]
[EventCountry "LTU"]
[SourceTitle "CBM 213 Extra"]
[Source "ChessBase"]
[SourceDate "2023.05.31"]
[SourceVersion "1"]
[SourceVersionDate "2023.05.31"]
[SourceQuality "1"]
[WhiteTeam "Vilnius Juoda Balta"]
[BlackTeam "Marijampole Suduvos Jaunimas"]
[WhiteTeamCountry "LTU"]
[BlackTeamCountry "LTU"]

1. e4 c5 2. Nf3 d6 3. d4 cxd4 4. Nxd4 Nf6 5. Nc3 a6 6. Bg5 e6 7. f4 Be7 8. Qf3 h6 9. Bh4 Qb6 10. 0-0-0 e5 11. Bxf6 Bxf6 12. Nd5 Qd8 13. Nf5 Bxf5 14. exf5 Nc6 15. Kb1 0-0 16. g4 Bh4 17. g5 hxg5 18. fxg5 Qxg5 19. Bd3 e4 20. Bxe4 Ne5 21. Qe2 Qg4 22. Qe3 Bg5 23. Qd4 Nc6 24. Rhg1 Qh4 25. Qc3 Rae8 26. Bf3 Ne5 27. Rg3 Rc8 28. Qb3 Rfe8 29. Be2 Nc6 30. Qf3 Nd4 31. Rxd4 Qxd4 32. Rxg5 Qd2 33. Nf6+ Kf8 34. Nh7+ Kg8 35. Nf6+ Kf8 36. Nh7+ Kg8 1/2-1/2

[Event "LTU-ch Rapid"]
[Site "Taujenai"]
[Date "2022.12.04"]
[Round "7"]
[White "Viskelis, Darius"]
[Black "Norkeliunas, Matas"]
[Result "1-0"]
[WhiteElo "2010"]
[BlackElo "1853"]
[PlyCount "47"]
[EventDate "2022.12.03"]
[EventType "swiss (rapid)"]
[EventRounds "10"]
[EventCountry "LTU"]
[SourceTitle "CBM 211 Extra"]
[Source "ChessBase"]
[SourceDate "2023.01.31"]
[SourceVersion "1"]
[SourceVersionDate "2023.01.31"]
[SourceQuality "1"]

1. e4 c5 2. Nf3 d6 3. Bb5+ Bd7 4. Bxd7+ Qxd7 5. 0-0 Nf6 6. Re1 e5 7. c3 Nc6 8. d4 cxd4 9. cxd4 exd4 10. Nxd4 Nxd4 11. Qxd4 Be7 12. Nc3 0-0 13. h3 h6 14. Bf4 Rfd8 15. Rad1 Qe6 16. Re3 b6 17. Nb5 Ne8 18. Qa4 Qf6 19. e5 dxe5 20. Rxd8 Rxd8 21. Bxe5 Qf5 22. Nxa7 Bc5 23. Nc6 Rd1+ 24. Qxd1 1-0

[Event "LTU-ch U16"]
[Site "Kaunas"]
[Date "2022.02.20"]
[Round "8"]
[White "Povilaitis, Matas Arunas"]
[Black "Norkeliunas, Matas"]
[Result "1/2-1/2"]
[WhiteElo "1735"]
[BlackElo "1626"]
[PlyCount "77"]
[EventDate "2022.02.16"]
[EventType "swiss"]
[EventRounds "8"]
[EventCountry "LTU"]
[SourceTitle "CBM 207 Extra"]
[Source "ChessBase"]
[SourceDate "2022.05.31"]
[SourceVersion "1"]
[SourceVersionDate "2022.05.31"]
[SourceQuality "1"]

1. d4 d6 2. c4 Nf6 3. Nc3 Nbd7 4. e4 e5 5. d5 Nc5 6. f3 g6 7. Be3 Ncd7 8. Qd2 Bg7 9. Bd3 0-0 10. Bh6 Nxe4 11. fxe4 Qh4+ 12. g3 Qxh6 13. Nf3 Nc5 14. Bc2 Bg4 15. 0-0 f5 16. Qxh6 Bxh6 17. Kg2 fxe4 18. Nxe4 Be3 19. b3 Rae8 20. Rae1 Nxe4 21. Rxe3 Nc5 22. b4 e4 23. Nd2 Nd3 24. Rxf8+ Kxf8 25. Bxd3 exd3 26. Rxe8+ Kxe8 27. Kf2 Ke7 28. Ke3 Be2 29. Ne4 Bf1 30. Nd2 Be2 31. Ne4 c6 32. a3 cxd5 33. cxd5 b5 34. h4 a6 35. Kd2 Bf1 36. Ke3 h6 37. Kd2 Bg2 38. Kxd3 Bxe4+ 39. Kxe4 1/2-1/2

[Event "LTU-ch U16"]
[Site "Kaunas"]
[Date "2022.02.19"]
[Round "7"]
[White "Norkeliunas, Matas"]
[Black "Rudzkis, Vilius"]
[Result "1/2-1/2"]
[WhiteElo "1626"]
[BlackElo "1872"]
[PlyCount "36"]
[EventDate "2022.02.16"]
[EventType "swiss"]
[EventRounds "8"]
[EventCountry "LTU"]
[SourceTitle "CBM 207 Extra"]
[Source "ChessBase"]
[SourceDate "2022.05.31"]
[SourceVersion "1"]
[SourceVersionDate "2022.05.31"]
[SourceQuality "1"]

1. e4 c5 2. c3 Nf6 3. Bd3 Nc6 4. Bc2 e5 5. Ne2 d5 6. exd5 Qxd5 7. 0-0 Be6 8. d3 Rd8 9. Bg5 Be7 10. Nd2 0-0 11. Ng3 Rfe8 12. Re1 Qd7 13. h3 Nd5 14. Nf3 Bxg5 15. Nxg5 Nf4 16. Nh5 Qd5 17. Ne4 Kh8 18. Re3 b6 1/2-1/2

[Event "LTU-ch U16 Rapid"]
[Site "Vilnius"]
[Date "2021.09.19"]
[Round "8"]
[White "Norkeliunas, Matas"]
[Black "Pidluznij, Gleb"]
[Result "0-1"]
[WhiteElo "1620"]
[BlackElo "2078"]
[PlyCount "71"]
[EventDate "2021.09.18"]
[EventType "swiss (rapid)"]
[EventRounds "8"]
[EventCountry "LTU"]
[SourceTitle "EXT 2023"]
[Source "ChessBase"]
[SourceDate "2022.10.05"]
[SourceVersion "1"]
[SourceVersionDate "2022.10.05"]
[SourceQuality "1"]

1. e4 c5 2. c3 Nf6 3. e5 Nd5 4. d4 cxd4 5. cxd4 d6 6. Nf3 Nc6 7. Bc4 dxe5 8. Nxe5 e6 9. 0-0 Be7 10. Bxd5 Qxd5 11. Nf3 0-0 12. Nc3 Qh5 13. Be3 Rd8 14. Ne5 Qxd1 15. Raxd1 Nxe5 16. dxe5 Bd7 17. Ne4 Bc6 18. Nc5 b6 19. Nb3 Bd5 20. Nd4 Bc4 21. Nc6 Bxf1 22. Nxd8 Bc4 23. Nc6 Bf8 24. Rd7 Bxa2 25. Rxa7 Rxa7 26. Nxa7 Bc5 27. Nc8 Bxe3 28. fxe3 b5 29. b4 Bd5 30. Nd6 Bc6 31. Nc8 Kf8 32. Na7 Bd7 33. Kf2 Ke7 34. e4 Kd8 35. Ke3 Kc7 36. Nc6 0-1

[Event "EU-ch U14"]
[Site "Bratislava"]
[Date "2019.08.10"]
[Round "9"]
[White "Aubury, Benjamin"]
[Black "Norkeliunas, Matas"]
[Result "1-0"]
[WhiteElo "1686"]
[BlackElo "1477"]
[PlyCount "67"]
[EventDate "2019.08.02"]
[EventType "swiss"]
[EventRounds "9"]
[EventCountry "SVK"]
[SourceTitle "EXT 2020"]
[Source "ChessBase"]
[SourceDate "2019.10.17"]
[SourceVersion "1"]
[SourceVersionDate "2019.10.17"]
[SourceQuality "1"]

1. d4 Nf6 2. c4 e6 3. g3 Bb4+ 4. Bd2 Qe7 5. Nf3 Nc6 6. Nc3 d5 7. Bg2 Ne4 8. 0-0 0-0 9. Rc1 Nxd2 10. Qxd2 dxc4 11. a3 Ba5 12. Qf4 Qd6 13. Qe4 f5 14. Qf4 Qxf4 15. gxf4 Bd7 16. Ne5 Nxe5 17. dxe5 g5 18. fxg5 f4 19. Ne4 Bb5 20. Nf6+ Kf7 21. Bxb7 Rab8 22. Bf3 Kg6 23. h4 Kf5 24. Ng4 h5 25. Nh6+ Kxe5 26. Bxh5 f3 27. Bxf3 Rxf3 28. exf3 Bd2 29. Rcd1 c3 30. bxc3 Bxf1 31. Kxf1 Bxc3 32. Rd3 Rb3 33. Re3+ Kf4 34. Kg2 1-0

[Event "LTU-chT"]
[Site "Lithuania"]
[Date "2019.03.30"]
[Round "4.4"]
[White "Norkeliunas, Matas"]
[Black "Zilakauskis, Steponas"]
[Result "0-1"]
[WhiteElo "1359"]
[BlackElo "1684"]
[PlyCount "64"]
[EventDate "2019.01.26"]
[EventType "team-swiss"]
[EventRounds "7"]
[EventCountry "LTU"]
[SourceTitle "CBM 189 Extra"]
[Source "ChessBase"]
[SourceDate "2019.06.03"]
[SourceVersion "1"]
[SourceVersionDate "2019.06.03"]
[SourceQuality "1"]
[WhiteTeam "Marijampole Suduvos Ateitis"]
[BlackTeam "Vilnius Tauras"]
[WhiteTeamCountry "LTU"]
[BlackTeamCountry "LTU"]

1. b4 e5 2. Bb2 e4 3. e3 Nf6 4. a3 d5 5. c4 Be6 6. Bxf6 Qxf6 7. Nc3 c6 8. cxd5 Bxd5 9. Nxd5 cxd5 10. Bb5+ Nc6 11. Ne2 a6 12. Bxc6+ Qxc6 13. Rc1 Qd7 14. Qc2 Bd6 15. Nc3 Rc8 16. Qd1 Be5 17. 0-0 0-0 18. f4 Bb8 19. Qh5 f5 20. Qe2 d4 21. exd4 Qxd4+ 22. Qe3 Qd7 23. Ne2 Rxc1 24. Rxc1 Rd8 25. Ng3 b5 26. Qb3+ Kh8 27. Qc3 Bxf4 28. Nf1 h6 29. Qc6 Bxd2 30. Qxd7 Rxd7 31. Rc6 e3 32. Ng3 e2 0-1

[Event "LTU-ch U12"]
[Site "Kaunas"]
[Date "2017.04.08"]
[Round "5"]
[White "Pupka, Paulius"]
[Black "Norkeliunas, Matas"]
[Result "1-0"]
[WhiteElo "1305"]
[BlackElo "1128"]
[PlyCount "89"]
[EventDate "2017.04.05"]
[EventType "swiss"]
[EventRounds "8"]
[EventCountry "LTU"]
[SourceTitle "CBM 177 Extra"]
[Source "ChessBase"]
[SourceDate "2017.04.27"]
[SourceVersion "1"]
[SourceVersionDate "2017.04.27"]
[SourceQuality "1"]

1. e4 d5 2. exd5 Qxd5 3. Nc3 Qd6 4. Nf3 Nf6 5. Be2 Nc6 6. 0-0 Bg4 7. d3 e5 8. Ne4 Nxe4 9. dxe4 0-0-0 10. Be3 Qg6 11. Bd3 Be7 12. Kh1 f5 13. exf5 Bxf5 14. Bxf5+ Qxf5 15. Qe2 Qe4 16. c3 Qd3 17. Qxd3 Rxd3 18. Rfd1 Rhd8 19. Rxd3 Rxd3 20. Kg1 Kd7 21. Kf1 e4 22. Nd2 Ne5 23. h3 Rd5 24. Nxe4 Nc4 25. b3 Nxe3+ 26. fxe3 Re5 27. Rd1+ Ke6 28. Rd4 c5 29. Ra4 b5 30. Ra6+ Kd5 31. Nd2 Rxe3 32. c4+ bxc4 33. Nxc4 Rc3 34. Rxa7 Rc1+ 35. Kf2 Bh4+ 36. Kf3 g5 37. Rxh7 Rc3+ 38. Ne3+ Ke6 39. Rh6+ Ke5 40. Rh8 Kd4 41. Rd8+ Ke5 42. Re8+ Kd4 43. Re4+ Kd3 44. Re5 Kd4 45. Rd5# 1-0